MAASAI MARA UNIVERSITY

LIBRARY CATALOGUE

Contact Us: +254 020 2685356/7 or 0774 057787

Box: 861-20500, NAROK, KENYA

Email: info@mmarau.ac.ke

Reference electrodes, theory and practice, (Record no. 16266)

MARC details
000 -LEADER
fixed length control field 00705nam a22002297a 4500
003 - CONTROL NUMBER IDENTIFIER
control field OSt
005 - DATE AND TIME OF LATEST TRANSACTION
control field 20170518095923.0
008 - FIXED-LENGTH DATA ELEMENTS--GENERAL INFORMATION
fixed length control field 160201b xxu||||| |||| 00| 0 eng d
010 ## - LIBRARY OF CONGRESS CONTROL NUMBER
LC control number 60016910
040 ## - CATALOGING SOURCE
Original cataloging agency DLC
Transcribing agency mmu
Modifying agency DLC
050 00 - LIBRARY OF CONGRESS CALL NUMBER
Classification number QD571
Item number .I9 1961
082 00 - DEWEY DECIMAL CLASSIFICATION NUMBER
Classification number 541.372
100 1# - MAIN ENTRY--PERSONAL NAME
Personal name Ives, David J. G.,
Relator term ed.
245 00 - TITLE STATEMENT
Title Reference electrodes, theory and practice,
Statement of responsibility, etc. edited by David J. G. Ives [and] George J. Janz.
260 ## - PUBLICATION, DISTRIBUTION, ETC. (IMPRINT)
Place of publication, distribution, etc. New York,
Name of publisher, distributor, etc. Academic Press,
Date of publication, distribution, etc. 1961.
300 ## - PHYSICAL DESCRIPTION
Extent 651 p.
Other physical details illus.
Dimensions 24 cm.
504 ## - BIBLIOGRAPHY, ETC. NOTE
Bibliography, etc Includes bibliography.
650 #0 - SUBJECT ADDED ENTRY--TOPICAL TERM
Topical term or geographic name as entry element Electrodes.
700 1# - ADDED ENTRY--PERSONAL NAME
Personal name Janz, George J.,
Relator term joint ed.
906 ## - LOCAL DATA ELEMENT F, LDF (RLIN)
a 7
b cbc
c orignew
d u
e ocip
f 19
g y-gencatlg
942 ## - ADDED ENTRY ELEMENTS (KOHA)
Source of classification or shelving scheme Library of Congress Classification
Koha item type L

No items available.

© 2016 Maasai Mara University.